[Event "Mechanics' Summer TNM; 30/90, SD/30"]
[Site "San Francisco"]
[Date "2011.06.07"]
[Round "3.1"]
[White "Buscara, Sevan"]
[Black "Shakhnazarov, Oleg"]
[Result "0-1"]
[WhiteElo "2516"]
[BlackElo "2137"]
[PlyCount "80"]
[EventDate "2011.??.??"]

1. d4 e6 2. Nf3 Be7 3. e4 d5 4. e5 c5 5. c3 Nc6 6. Bd3 a6 7. dxc5 Bxc5 8. O-O
h6 9. Nbd2 Nge7 10. Nb3 Ba7 11. Re1 Bd7 12. Be3 Bxe3 13. Rxe3 Qb6 14. a4 Rc8
15. a5 Qc7 16. h4 g6 17. h5 g5 18. Qe2 d4 19. cxd4 Nd5 20. Nfd2 Nf4 21. Qf3 Nb4
22. Ne4 Bc6 23. Nbc5 Rd8 24. Nf6+ Ke7 25. Be4 Rxd4 26. Rc1 Rhd8 27. g3 Qxe5 28.
Ng4 Qg7 29. gxf4 gxf4 30. Qxf4 Nd5 31. Qg3 Nxe3 32. fxe3 Rxe4 33. Nxe4 Bxe4 34.
Qh4+ Ke8 35. Kf1 Qxb2 36. Nf6+ Kf8 37. Nxe4 Qxc1+ 38. Ke2 Qc2+ 39. Kf3 Rd1 40.
Kg3 Qc6 {remainder illegible} 0-1

[Event "Mechanics' Summer TNM; 30/90, SD/30"]
[Site "San Francisco"]
[Date "2011.05.31"]
[Round "2.12"]
[White "Byambaa, Uyanga"]
[Black "Allen, Tom"]
[Result "1-0"]
[WhiteElo "2050"]
[BlackElo "1547"]
[PlyCount "61"]
[EventDate "2011.??.??"]

1. e4 e5 2. Nf3 Nc6 3. Bb5 f5 4. d3 Nf6 5. exf5 Bc5 6. O-O O-O 7. Nc3 d6 8. Ne4
h6 9. Nxc5 dxc5 10. Bc4+ Kh8 11. Nh4 Nd4 12. Ng6+ Kh7 13. Nxf8+ Qxf8 14. c3
Nxf5 15. Re1 Nh4 16. d4 cxd4 17. cxd4 e4 18. Bf4 Bg4 19. Qb3 Nf5 20. Be5 Nd6
21. Be6 Bxe6 22. Qxe6 Re8 23. Bxd6 cxd6 24. Qf5+ g6 25. Qb5 Re7 26. h3 a6 27.
Qb6 Qb8 28. Rac1 Nd5 29. Qb3 Nf4 30. Rc3 Nd3 31. Rxd3 1-0

[Event "Mechanics' Summer TNM; 30/90, SD/30"]
[Site "San Francisco"]
[Date "2011.06.21"]
[Round "5.6"]
[White "Byambaa, Uyanga"]
[Black "Anderson, Michael"]
[Result "1-0"]
[WhiteElo "2050"]
[BlackElo "1900"]
[PlyCount "65"]
[EventDate "2011.??.??"]

1. e4 c5 2. Nf3 e6 3. d4 cxd4 4. Nxd4 Nc6 5. Nc3 a6 6. Be3 Nge7 7. Bc4 Nxd4 8.
Qxd4 b5 9. Bb3 Nc6 10. Qd2 Be7 11. O-O-O O-O 12. g4 d6 13. f4 Na5 14. f5 Nxb3+
15. axb3 Rb8 16. h4 a5 17. Qf2 a4 18. e5 d5 19. f6 Bb4 20. fxg7 Kxg7 21. Bg5
Be7 22. Ne4 axb3 23. Nf6 Qc7 24. c3 b4 25. Nh5+ Kg8 26. Bxe7 Qxe7 27. Nf6+ Kg7
28. Qe3 h6 29. g5 bxc3 (29... h5) 30. gxh6+ Kh8 31. Qd3 Qxf6 32. exf6 Ra8 33.
Qxc3 1-0

[Event "Mechanics' Summer TNM; 30/90, SD/30"]
[Site "San Francisco"]
[Date "2011.06.14"]
[Round "4.4"]
[White "Byambaa, Uyanga"]
[Black "Buscara, Sevan"]
[Result "0-1"]
[WhiteElo "2050"]
[BlackElo "2516"]
[Annotator "Donaldson"]
[PlyCount "58"]
[EventDate "2011.??.??"]

1. e4 d6 2. d4 Nf6 3. Nc3 Nbd7 4. f4 (4. Nf3 e5 5. Bc4) 4... e5 5. Nf3 exd4 6.
Qxd4 c6 7. Bc4 (7. Be3) 7... d5 8. exd5 Bc5 9. Qd3 O-O 10. Bd2 Re8+ 11. Ne2
cxd5 12. Bxd5 Nxd5 13. Qxd5 Qe7 14. O-O-O Nf6 15. Qc4 b5 16. Qxb5 Bd7 17. Qc4
Qxe2 18. Qxc5 Rac8 19. Qa5 Qxg2 20. Nd4 Bg4 21. Rdg1 Qe4 22. h3 Qxd4 23. hxg4
Ne4 24. Re1 (24. Rg2 Nf2 $1) 24... Red8 25. Rh2 Nf2 26. Kb1 Qxd2 27. Re8+ (27.
Qxd2 Rxd2 28. c3 Rxb2+) 27... Rxe8 28. Qxd2 Rcd8 29. Qc1 Rd1 0-1

[Event "Mechanics' Summer TNM; 30/90, SD/30"]
[Site "San Francisco"]
[Date "2011.07.12"]
[Round "8.1"]
[White "Byambaa, Uyanga"]
[Black "Cunningham, Robin"]
[Result "1/2-1/2"]
[WhiteElo "2050"]
[BlackElo "2274"]
[PlyCount "101"]
[EventDate "2011.??.??"]

1. e4 Nf6 2. Nc3 e5 3. Nf3 Nc6 4. d4 Bb4 5. d5 Nb8 6. Bd3 Bxc3+ 7. bxc3 d6 8.
h3 c6 9. c4 O-O 10. O-O cxd5 11. cxd5 Nbd7 12. Ba3 Qc7 13. Nd2 Nc5 14. Re1 Bd7
15. Rb1 Rab8 16. Nb3 b5 17. Qd2 Rfc8 18. Re3 Ne8 19. Rg3 Nxd3 20. cxd3 Qc2 21.
Rb2 Qxd2 22. Rxd2 b4 23. Bb2 a5 24. Nxa5 Ra8 25. Nc4 Rxa2 26. Nb6 Rc7 27. Nxd7
Rxd7 28. d4 Nf6 29. dxe5 dxe5 30. Rc2 Kf8 31. Rc8+ Ke7 32. Bxe5 Nxe4 33. Re3 f5
34. f3 Rxd5 35. Bf4 Rd1+ 36. Kh2 Rdd2 37. fxe4 Rxg2+ 38. Kh1 Rgf2 39. exf5+ Kf7
40. Rc7+ Kf6 41. Be5+ Kxf5 42. Rf7+ Kg6 43. Rxg7+ Kh6 44. Rg1 Ra3 45. Bg7+ Kh5
46. Re5+ Kh4 47. Re4+ Kxh3 48. Be5 Raf3 49. Rxb4 Rf1 50. Rb2 Rxg1+ 51. Kxg1
1/2-1/2

[Event "Mechanics' Summer TNM; 30/90, SD/30"]
[Site "San Francisco"]
[Date "2011.06.14"]
[Round "4.23"]
[White "Clark, Thomas"]
[Black "Nelson, Christopher"]
[Result "0-1"]
[WhiteElo "1206"]
[BlackElo "1525"]
[PlyCount "48"]
[EventDate "2011.??.??"]

1. d4 f5 2. e4 fxe4 3. Nc3 Nf6 4. Bg5 d5 5. Bxf6 exf6 6. Qh5+ g6 7. Qxd5 Qxd5
8. Nxd5 Kd8 9. Nxf6 Bg7 10. Nxe4 Re8 11. f3 Bf5 12. O-O-O Bxe4 13. fxe4 Rxe4
14. d5 Nd7 15. Nf3 Nc5 16. Ng5 Bh6 17. h4 Rxh4 18. Kb1 Rxh1 19. Nf7+ Ke7 20.
Nxh6 Rxh6 21. Bc4 Ne4 22. Kc1 Kd6 23. Bb5 Rf8 24. c4 Rf2 0-1

[Event "Mechanics' Summer TNM; 30/90, SD/30"]
[Site "San Francisco"]
[Date "2011.06.28"]
[Round "6.23"]
[White "Clark, Thomas"]
[Black "Rakonitz, David"]
[Result "0-1"]
[WhiteElo "1206"]
[BlackElo "1316"]
[PlyCount "96"]
[EventDate "2011.??.??"]

1. d4 Nf6 2. c4 e6 3. Nf3 b6 4. g3 Bb7 5. Bg2 Be7 6. O-O O-O 7. Nc3 d5 8. e3
Nbd7 9. Nd2 c5 10. Nb3 a6 11. a4 Qc7 12. Qc2 cxd4 13. Nxd4 Qxc4 14. b3 Qc7 15.
Ba3 Bxa3 16. Rxa3 Rfc8 17. Rc1 Rab8 18. Bf1 Qd6 19. Qb2 Rc7 20. b4 Qf8 21. b5
a5 22. Raa1 Rbc8 23. Nc6 Bxc6 24. bxc6 Rxc6 25. Nb5 Rxc1 26. Rxc1 Rxc1 27. Qxc1
Qc5 28. Qb2 h6 29. Na7 Qb4 30. Qc2 Qc5 31. Qb3 Qc7 32. Nb5 Qc5 33. Qd1 Ne4 34.
Qa1 Qb4 35. Na7 Nd6 36. Ba6 Nc5 37. Bb5 Nxb5 38. axb5 a4 39. Qe5 Qa5 40. Qb8+
Kh7 41. Qc7 a3 42. Qxf7 a2 43. Nc6 a1=Q+ 44. Kg2 Qxb5 45. Ne7 Qbf1+ 46. Kf3
Qad1+ 47. Kf4 Qxf2+ 48. Ke5 Qxf7 0-1

[Event "Mechanics' Summer TNM; 30/90, SD/30"]
[Site "San Francisco"]
[Date "2011.05.31"]
[Round "2.15"]
[White "Clark, Thomas"]
[Black "Sherwood, Peter"]
[Result "0-1"]
[WhiteElo "1206"]
[BlackElo "1826"]
[PlyCount "104"]
[EventDate "2011.??.??"]

1. e4 c5 2. Ne2 Nc6 3. d4 cxd4 4. Nxd4 e6 5. Be3 Nf6 6. f3 Be7 7. a3 O-O 8. Nb3
d5 9. Nc3 dxe4 10. Nxe4 Nxe4 11. fxe4 b6 12. Qd2 Bb7 13. O-O-O Qxd2+ 14. Nxd2
Ne5 15. Be2 Rac8 16. Bd4 Bf6 17. Bc3 Rc7 18. Rhf1 Rfc8 19. Kb1 Nd7 20. Nc4 Bxc3
21. bxc3 Ba6 22. Nxb6 Rb8 23. Kc1 Rxb6 24. c4 Rcb7 25. c3 Rb1+ 26. Kc2 R1b2+
27. Kd3 Kf8 28. Bf3 Ne5+ 29. Ke3 Bxc4 30. Rd8+ Ke7 31. Rfd1 Rd7 32. R8xd7+ Nxd7
33. Kd4 Be2 34. Bxe2 Rxe2 35. c4 Kd6 36. Kc3+ Kc6 37. Rd4 Nc5 38. Kb4 Rxe4 39.
Rd8 a5+ 40. Kc3 g6 41. Rc8+ Kb6 42. Rb8+ Kc7 43. Rb5 Nb7 44. Kd3 f5 45. h3 Kc6
46. g4 e5 47. g5 Rd4+ 48. Kc3 Rxc4+ 49. Kxc4 Nd6+ 50. Kb3 Nxb5 51. a4 Nd6 52.
Kc3 Kc5 0-1

[Event "Mechanics' Summer TNM; 30/90, SD/30"]
[Site "San Francisco"]
[Date "2011.06.14"]
[Round "4.19"]
[White "Cortese, Chris"]
[Black "Krienke, Jason"]
[Result "1-0"]
[WhiteElo "1530"]
[BlackElo "1694"]
[PlyCount "33"]
[EventDate "2011.??.??"]

1. d4 d5 2. c4 c6 3. Nc3 Nf6 4. Nf3 e6 5. Bg5 Be7 6. e3 Nbd7 7. Rc1 dxc4 8.
Bxc4 O-O 9. O-O Qa5 10. e4 c5 11. e5 Nd5 12. Nxd5 Bxg5 13. Nxg5 exd5 14. Bxd5
Qd8 15. Nxf7 Rxf7 16. Qb3 Qe7 17. e6 1-0

[Event "Mechanics' Summer TNM; 30/90, SD/30"]
[Site "San Francisco"]
[Date "2011.06.21"]
[Round "5.16"]
[White "Cortese, Chris"]
[Black "Sherwood, Peter"]
[Result "1/2-1/2"]
[WhiteElo "1530"]
[BlackElo "1826"]
[PlyCount "65"]
[EventDate "2011.??.??"]

1. d4 d5 2. c4 dxc4 3. Nf3 Nf6 4. a4 e6 5. e3 Bb4+ 6. Bd2 Bxd2+ 7. Qxd2 O-O 8.
Bxc4 Nbd7 9. O-O c5 10. Nc3 cxd4 11. exd4 Nb6 12. Bd3 Nbd5 13. Nxd5 Nxd5 14.
Ng5 h6 15. Nf3 b6 16. a5 Bb7 17. axb6 axb6 18. Rxa8 Qxa8 19. Bb1 Nf6 20. Ne1
Rd8 21. Qb4 Bd5 22. f3 Qc6 23. Nd3 Qd6 24. Rc1 Qxb4 25. Nxb4 Kf8 26. Kf2 Ke7
27. Ke3 Kd6 28. Be4 Rd7 29. h3 Ra7 30. Nd3 Nd7 31. Nb4 Nf6 32. Nd3 Nd7 33. Nb4
{draw offer} 1/2-1/2

[Event "Mechanics' Summer TNM; 30/90, SD/30"]
[Site "San Francisco"]
[Date "2011.07.12"]
[Round "8.14"]
[White "Cortese, Chris"]
[Black "Zang, Kevin"]
[Result "0-1"]
[WhiteElo "1530"]
[BlackElo "1786"]
[PlyCount "30"]
[EventDate "2011.??.??"]

1. d4 f5 2. c4 Nf6 3. Nc3 g6 4. Nf3 d6 5. b3 Bg7 6. Bb2 O-O 7. e3 c6 8. Bd3 Qc7
9. Rc1 e5 10. e4 exd4 11. Nxd4 fxe4 12. Nxe4 Nxe4 13. Bxe4 Qe7 14. Qe2 Re8 15.
Rc2 (15. f3) 15... Qxe4 0-1

[Event "Mechanics' Summer TNM; 30/90, SD/30"]
[Site "San Francisco"]
[Date "2011.05.31"]
[Round "2.2"]
[White "Cunningham, Robin"]
[Black "Beilin, Allan"]
[Result "1-0"]
[WhiteElo "2274"]
[BlackElo "2005"]
[PlyCount "109"]
[EventDate "2011.??.??"]

1. e4 e6 2. d4 d5 3. Nc3 dxe4 4. Nxe4 Nd7 5. Nf3 Ngf6 6. Nxf6+ Nxf6 7. Bd3 Be7
8. O-O O-O 9. Bg5 b6 10. Qe2 Bb7 11. Rad1 Qc8 12. Ne5 c5 13. dxc5 bxc5 14. Bxf6
Bxf6 15. Nd7 Qc6 16. Qg4 Be7 17. Nxf8 Bxf8 18. f3 Qc7 19. Qg3 Qb6 20. Kh1 Bd5
21. c4 Bc6 22. b3 a5 23. Qh4 g6 24. Be4 Bxe4 25. fxe4 Qc7 26. Qf4 Qxf4 27. Rxf4
Bg7 28. Rd7 f5 29. exf5 exf5 30. Rf2 a4 31. g3 axb3 32. axb3 Bf8 33. Re2 Rb8
34. Re3 Kh8 35. Kg2 Kg8 36. Rc7 Ra8 37. Rd3 Rb8 38. Kf3 Kh8 39. g4 fxg4+ 40.
Kxg4 h6 41. Rc6 g5 42. Rc7 Kg8 43. Kf5 Kh8 44. Rdd7 Kg8 45. Rb7 Ra8 46. h3 Rc8
47. Kg6 Rc6+ 48. Kh5 Rc8 49. Rh7 Rc6 50. Rhc7 Rf6 51. Rb8 Rf3 52. Kg6 Rf4 53.
Rg7+ Kh8 54. Rf7 Kg8 55. Rbxf8# 1-0

[Event "Mechanics' Summer TNM; 30/90, SD/30"]
[Site "San Francisco"]
[Date "2011.06.21"]
[Round "5.4"]
[White "Cunningham, Robin"]
[Black "Curto, Wayne"]
[Result "1-0"]
[WhiteElo "2274"]
[BlackElo "1900"]
[PlyCount "79"]
[EventDate "2011.??.??"]

1. e4 c6 2. d4 d5 3. exd5 cxd5 4. c4 Nf6 5. Nc3 Nc6 6. Nf3 e6 7. c5 Bd7 8. Bb5
Be7 9. O-O Qc7 10. Bg5 O-O 11. Qc2 Rfe8 12. Bh4 Nh5 13. Bxc6 bxc6 14. Bxe7 Rxe7
15. b4 Rb8 16. Rab1 Qf4 17. Ne2 Qf5 18. Qxf5 exf5 19. Nc3 Nf4 20. Ne5 Be8 21.
b5 cxb5 22. g3 Ne2+ 23. Nxe2 f6 24. f4 fxe5 25. fxe5 g6 26. Nf4 Bc6 27. Nd3 a5
28. a3 Reb7 29. Rf2 b4 30. axb4 axb4 31. Rfb2 b3 32. Kf2 Kg7 33. Ke3 g5 34. Ra1
Bd7 35. Ra3 Kg6 (35... Kh6) 36. Ra6+ Kh5 37. c6 Bxc6 38. Rxc6 Ra7 39. Rc3 Ra2
40. Rcxb3 1-0

[Event "Mechanics' Summer TNM; 30/90, SD/30"]
[Site "San Francisco"]
[Date "2011.06.28"]
[Round "6.2"]
[White "Cunningham, Robin"]
[Black "Shakhnazarov, Oleg"]
[Result "1-0"]
[WhiteElo "2274"]
[BlackElo "2137"]
[PlyCount "43"]
[EventDate "2011.??.??"]

1. e4 e5 2. d4 exd4 3. Qxd4 Nc6 4. Qe3 d6 5. Nc3 Be7 6. Bd2 Nf6 7. Bc4 O-O 8.
O-O-O Ne5 9. Be2 c6 10. f4 Neg4 11. Bxg4 Nxg4 12. Qe2 f5 13. h3 Nh6 14. g4 fxg4
15. f5 g3 16. Nf3 Nf7 17. Rhg1 d5 18. Rxg3 dxe4 19. Nxe4 Bxf5 20. Bc3 Qxd1+ 21.
Qxd1 Bg6 22. Qd4 1-0

[Event "Mechanics' Summer TNM; 30/90, SD/30"]
[Site "San Francisco"]
[Date "2011.05.31"]
[Round "2.5"]
[White "Curto, Wayne"]
[Black "Rumph, Todd"]
[Result "0-1"]
[WhiteElo "1900"]
[BlackElo "2152"]
[PlyCount "92"]
[EventDate "2011.??.??"]

1. d4 d5 2. Nf3 Nf6 3. e3 e6 4. Bd3 c5 5. c3 Nc6 6. Nbd2 Bd6 7. O-O O-O 8. e4
cxd4 9. cxd4 e5 10. exd5 Nxd4 11. Nxd4 exd4 12. Nf3 Nxd5 13. Nxd4 Nf4 14. Be4
Qh4 15. Bxf4 Qxf4 16. Nf3 Bg4 17. Qd2 Qxe4 18. Qxd6 Bxf3 19. gxf3 Qxf3 20. Rad1
Rae8 21. Rfe1 Re6 22. Rxe6 Qg4+ 23. Kf1 fxe6 24. Re1 Qh3+ 25. Kg1 Qg4+ 26. Kf1
Qc4+ 27. Kg1 Qxa2 28. Qxe6+ Qxe6 29. Rxe6 Kf7 30. Re3 Rc8 31. Rf3+ Kg8 32. Rb3
Rc7 33. Kg2 b6 34. Kf3 h6 35. Ke4 Rc5 36. Rc3 Rxc3 37. bxc3 Kf7 38. Kd5 g5 39.
Kc6 Ke6 40. c4 g4 41. Kb7 Kd6 42. Kxa7 Kc5 43. Kb7 h5 44. Kc7 h4 45. Kb7 h3 46.
Kc7 Kxc4 0-1

[Event "Mechanics' Summer TNM; 30/90, SD/30"]
[Site "San Francisco"]
[Date "2011.07.05"]
[Round "7.12"]
[White "Curto, Wayne"]
[Black "Salvo, Tab"]
[Result "0-1"]
[WhiteElo "1900"]
[BlackElo "1723"]
[PlyCount "46"]
[EventDate "2011.??.??"]

1. d4 d6 2. Nf3 c5 3. c3 cxd4 4. cxd4 Nf6 5. Bf4 g6 6. e3 a6 7. Be2 Nbd7 8. O-O
h6 9. h3 Bg7 10. Nc3 b5 11. Rc1 Bb7 12. b4 O-O 13. Qb3 Nb6 14. a4 bxa4 15. Nxa4
Nbd5 16. Bh2 e6 17. Rc2 Qe7 18. Rfc1 Rfc8 19. Rxc8+ Rxc8 20. Rxc8+ Bxc8 21. Qc4
Qb7 22. Bxd6 $16 Ne4 23. Nc5 $4 Nxd6 0-1

[Event "Mechanics' Summer TNM; 30/90, SD/30"]
[Site "San Francisco"]
[Date "2011.06.14"]
[Round "4.6"]
[White "Curto, Wayne"]
[Black "Wong, Russell"]
[Result "1-0"]
[WhiteElo "1900"]
[BlackElo "2200"]
[PlyCount "60"]
[EventDate "2011.??.??"]

1. d4 Nf6 2. Nf3 g6 3. Bf4 Bg7 4. e3 d6 5. h3 Nbd7 6. Bc4 O-O 7. c3 c6 8. Qb3
b5 9. Be2 a6 10. Nbd2 c5 11. O-O c4 12. Qc2 Bb7 13. b3 d5 14. b4 Nb6 15. a3 a5
16. Ne5 Nfd7 17. Nxd7 Qxd7 18. e4 dxe4 19. f3 exf3 20. Bxf3 Nd5 21. Bxd5 Qxd5
22. Nf3 f6 23. a4 axb4 24. cxb4 bxa4 25. Rfe1 Qb5 26. Rxe7 Bxf3 27. gxf3 Rfc8
28. Qe4 Qc6 29. d5 f5 30. Rxg7+ Kxg7 1-0

[Event "Mechanics' Summer TNM; 30/90, SD/30"]
[Site "San Francisco"]
[Date "2011.07.05"]
[Round "7.7"]
[White "De Lenea, Digne"]
[Black "Krasnov, Steven"]
[Result "1/2-1/2"]
[WhiteElo "1851"]
[BlackElo "1968"]
[PlyCount "52"]
[EventDate "2011.??.??"]

1. d4 Nf6 2. c4 e6 3. Nc3 d5 4. Nf3 Nbd7 5. Bf4 c6 6. e3 Be7 7. Bd3 dxc4 8.
Bxc4 b5 9. Bd3 a6 10. O-O Bb7 11. Rc1 Rc8 12. a3 c5 13. Ne5 O-O 14. Qe2 cxd4
15. exd4 Nb6 16. Bg3 Nbd5 17. Ne4 Qb6 18. Ng5 Rxc1 19. Rxc1 Qxd4 20. Nexf7 Nf4
21. Bxf4 Qxf4 22. Qc2 Qh4 23. g3 Qh5 24. Be2 Qg6 25. Bd3 Qh5 26. Be2 Qg6
1/2-1/2

[Event "Mechanics' Summer TNM; 30/90, SD/30"]
[Site "San Francisco"]
[Date "2011.06.21"]
[Round "5.7"]
[White "De Lenea, Digne"]
[Black "Lin, Michael K"]
[Result "0-1"]
[WhiteElo "1851"]
[BlackElo "2026"]
[PlyCount "44"]
[EventDate "2011.??.??"]

1. d4 Nf6 2. c4 e6 3. Nc3 Bb4 4. a3 Bxc3+ 5. bxc3 d6 6. Bg5 h6 7. Bh4 Nbd7 8.
Qc2 b6 9. e4 Bb7 10. f3 e5 11. Rd1 Qe7 12. Ne2 O-O-O 13. Nc1 g5 14. Bf2 h5 15.
Nd3 g4 16. Qa4 Kb8 17. Nb4 gxf3 18. gxf3 exd4 19. Be2 Nxe4 20. Nc6+ Bxc6 21.
Qxc6 Nxc3 22. O-O Ne5 0-1

[Event "Mechanics' Summer TNM; 30/90, SD/30"]
[Site "San Francisco"]
[Date "2011.05.31"]
[Round "2.9"]
[White "De Lenea, Digne"]
[Black "Wheeler, Cameron"]
[Result "0-1"]
[WhiteElo "1851"]
[BlackElo "2052"]
[PlyCount "132"]
[EventDate "2011.??.??"]

1. d4 d5 2. c4 c6 3. Nc3 Nf6 4. Bf4 e6 5. e3 Nbd7 6. Bd3 dxc4 7. Bxc4 b5 8. Bd3
Bb7 9. Nf3 a6 10. O-O c5 11. Rc1 Be7 12. Re1 O-O 13. Ne5 Rc8 14. a4 b4 15. Ne2
Nd5 16. Bg3 Nxe5 17. Bxe5 cxd4 18. Nxd4 Rxc1 19. Qxc1 Qd7 20. Qb1 h6 21. e4 Nf6
22. Rc1 Rc8 23. Rxc8+ Qxc8 24. Nb3 Qd7 25. Bxf6 gxf6 26. Na5 Ba8 27. b3 f5 28.
exf5 Qd5 29. Bf1 Qxa5 30. fxe6 fxe6 31. Qg6+ Kf8 32. Qxh6+ Ke8 33. Qxe6 Bb7 34.
Bc4 Qg5 35. Qg8+ Qxg8 36. Bxg8 Kd7 37. Kf1 Kd6 38. g3 Bf3 39. Bc4 a5 40. Be2
Bd5 41. Bd1 Kc5 42. Ke2 Kd4 43. Kd2 Bg5+ 44. Kc2 Be4+ 45. Kb2 Bf6 46. Bc2 Bd3
47. h4 Ke4+ 48. Kc1 Bxc2 49. Kxc2 Kf3 50. Kd3 Kxf2 51. h5 Kxg3 52. h6 Kf4 53.
Kc4 Ke3 54. Kb5 Kd3 55. Kxa5 Kc3 56. Kb5 Kxb3 57. a5 Kc3 58. a6 Be5 59. h7 b3
60. h8=Q Bxh8 61. a7 b2 62. a8=Q b1=Q+ 63. Ka6 Qg6+ 64. Kb7 Qe4+ 65. Kb8 Be5+
66. Kc8 Qxa8+ 0-1

[Event "Mechanics' Summer TNM; 30/90, SD/30"]
[Site "San Francisco"]
[Date "2011.07.12"]
[Round "8.20"]
[White "Dembling, Arthur"]
[Black "Anderson, Michael"]
[Result "0-1"]
[WhiteElo "1810"]
[BlackElo "1900"]
[PlyCount "82"]
[EventDate "2011.??.??"]

1. e4 c5 2. Nf3 Nc6 3. Bb5 g6 4. O-O Bg7 5. c3 e5 6. d3 d6 7. h3 Nh6 8. Bg5 f6
9. Be3 O-O 10. Bc4+ Kh8 11. Qd2 Ng8 12. Na3 a6 13. Rad1 b5 14. Bd5 Nge7 15. d4
Nxd5 16. exd5 cxd4 17. cxd4 Nxd4 18. Nxd4 exd4 19. Bxd4 Bb7 20. Be3 Rc8 21. Nc2
f5 22. Bd4 Rc4 23. b3 Rc7 24. Bb6 Rxc2 25. Qxc2 Qxb6 26. Rfe1 Be5 27. Qd2 f4
28. Re4 Bc8 29. Qe2 Re8 30. Rxf4 Bf5 31. Kh1 Rc8 32. Rf3 Rc2 33. Rd2 Rc1+ 34.
Rd1 Qc5 35. Qd2 Rxd1+ 36. Qxd1 Be4 37. Rf8+ Kg7 38. Ra8 Qxf2 39. Qg1 Qg3 40.
Ra7+ Kh6 41. Rxa6 Qxh3+ 0-1

[Event "Mechanics' Summer TNM; 30/90, SD/30"]
[Site "San Francisco"]
[Date "2011.06.28"]
[Round "6.20"]
[White "Dembling, Arthur"]
[Black "Olson, David"]
[Result "1-0"]
[WhiteElo "1810"]
[BlackElo "1430"]
[Annotator "Donaldson"]
[PlyCount "43"]
[EventDate "2011.??.??"]

1. e4 e5 2. Nf3 d6 (2... Nc6 3. Bc4 Nf6 4. Ng5 d5 5. exd5 Nxd5) 3. Bc4 Nf6 $2 (
3... Be7) 4. Nc3 (4. Ng5 $1 d5 5. exd5 Nxd5 6. d4 $1 (6. Nxf7 Kxf7 7. Qf3+ Ke6
8. Nc3 c6) (6. Qf3 Qxg5 7. Bxd5) 6... exd4 $2 7. O-O) 4... Bg4 (4... Be7) 5. d3
c6 6. Bg5 Nbd7 7. h3 Be6 8. Bxe6 fxe6 9. d4 exd4 10. Nxd4 Qe7 11. Qe2 h6 12.
Bh4 g5 13. Bg3 Bg7 14. O-O-O O-O-O $4 (14... Ne5) 15. Nxc6 bxc6 16. Bxd6 Qxd6
17. Rxd6 Kc7 18. Rhd1 e5 19. Qc4 Nb8 20. Rxd8 Rxd8 21. Qf7+ Rd7 22. Rxd7+ 1-0

[Event "Mechanics' Summer TNM; 30/90, SD/30"]
[Site "San Francisco"]
[Date "2011.06.21"]
[Round "5.17"]
[White "Dembling, Arthur"]
[Black "Salvo, Tab"]
[Result "0-1"]
[WhiteElo "1810"]
[BlackElo "1723"]
[Annotator "Donaldson"]
[PlyCount "117"]
[EventDate "2011.??.??"]

1. e4 c5 2. Nf3 d6 3. Bb5+ Bd7 4. Bxd7+ Qxd7 5. O-O Nc6 6. c3 Nf6 7. d4 cxd4 8.
cxd4 Nxe4 9. d5 Nd8 10. Re1 f5 11. Nd4 g6 12. f3 Nf6 13. Nc3 Bg7 14. Bg5 O-O
15. Qd2 Re8 16. Ne6 Bh8 17. Rad1 Rc8 18. Qe3 Nf7 19. Qxa7 Nxg5 20. Nxg5 h6 21.
Ne6 Nh5 22. Qe3 Kh7 23. Rd3 Bf6 24. Kh1 Rc4 25. b3 Rcc8 26. g3 b5 27. Rc1 Qb7
28. Ne2 b4 29. N2f4 Nxf4 30. Nxf4 Rxc1+ 31. Qxc1 Rc8 32. Qe3 Qc7 33. Qe6 $4 (
33. Qe2 $11) 33... Kg7 $4 (33... Qc1+ 34. Kg2 Rc2+ 35. Ne2 Qe1 36. Re3 Kg7 {
and White has no useful moves!}) 34. Re3 (34. Qe2 $1 $11) 34... Qc2 35. Re2 $4
(35. Re1 Ra8 $17) 35... Qd1+ 36. Kg2 Rc1 37. Kh3 Qf1+ 38. Rg2 Qxf3 39. Qe2 Qxe2
40. Rxe2 Kf7 $6 (40... Rd1 $1) 41. Nd3 Rc3 $2 (41... Rg1 $1 42. Nxb4 g5) 42.
Nxb4 f4 43. Nc6 $6 (43. Rc2) 43... h5 44. Nd8+ $2 Ke8 45. Ne6 g5 46. Rf2 g4+
47. Kg2 f3+ 48. Kg1 Rd3 49. h3 Kd7 50. hxg4 hxg4 51. Nf8+ Ke8 52. Ne6 Kf7 53.
Nd8+ Kg8 54. Ne6 Rxd5 55. Kh2 Rh5+ 56. Kg1 Kf7 57. Nf4 Rc5 58. Kh2 Bd4 59. Rd2
0-1

[Event "Mechanics' Summer TNM; 30/90, SD/30"]
[Site "San Francisco"]
[Date "2011.06.07"]
[Round "3.8"]
[White "Dembling, Arthur"]
[Black "Zavadsky, Peter"]
[Result "0-1"]
[WhiteElo "1810"]
[BlackElo "2293"]
[PlyCount "56"]
[EventDate "2011.??.??"]

1. e4 g6 2. d4 Bg7 3. Nc3 c5 4. Nf3 cxd4 5. Nxd4 Nc6 6. Be3 d6 7. Qd2 Nf6 8. f3
O-O 9. O-O-O Bd7 10. g4 Rc8 11. g5 Nh5 12. h4 a6 13. Bh3 Ne5 14. Bxd7 Qxd7 15.
Nd5 Nc4 16. Qf2 e6 17. Nf4 Nxf4 18. Bxf4 e5 19. Bxe5 Bxe5 20. f4 Bg7 21. h5
Rfe8 22. hxg6 fxg6 23. e5 dxe5 24. Nf3 Qf5 25. Qh2 Qxf4+ 26. Qxf4 exf4 27. c3
Re2 28. Nd2 Nxb2 0-1

[Event "Mechanics' Summer TNM; 30/90, SD/30"]
[Site "San Francisco"]
[Date "2011.06.21"]
[Round "5.23"]
[White "Eytan, David"]
[Black "Clark, Thomas"]
[Result "1-0"]
[WhiteElo "1608"]
[BlackElo "1206"]
[PlyCount "76"]
[EventDate "2011.??.??"]

1. f4 Nf6 2. Nf3 b6 3. e3 Bb7 4. Nc3 e6 5. d4 Be7 6. Bd3 Nc6 7. a3 d6 8. O-O a6
9. Ne2 b5 10. Ng3 Na5 11. f5 Qd7 12. fxe6 Qxe6 13. Ng5 Qd5 14. e4 Qxd4+ 15. Kh1
Nc4 16. Nf5 Nxb2 17. Bxb5+ c6 18. Qxd4 cxb5 19. Bxb2 Rg8 20. Nxd6+ Bxd6 21.
Qxd6 Rd8 22. Qc7 Rd7 23. Qb8+ Ke7 24. Qe5+ Kf8 25. Rxf6 gxf6 26. Nxh7+ Kg7 27.
Qxf6+ Kxh7 28. Qf5+ Rg6 29. Qxd7 Bxe4 30. Qxf7+ Kh6 31. Qf4+ Kh5 32. Qxe4 a5
33. Rd1 b4 34. Rd5+ Rg5 35. Qh7+ Kg4 36. h3+ Kf4 37. Bc1+ Kg3 38. Rxg5+ Kf2 1-0

[Event "Mechanics' Summer TNM; 30/90, SD/30"]
[Site "San Francisco"]
[Date "2011.06.28"]
[Round "6.17"]
[White "Eytan, David"]
[Black "Litowsky, Daniel"]
[Result "0-1"]
[WhiteElo "1608"]
[BlackElo "1700"]
[Annotator "Donaldson"]
[PlyCount "40"]
[EventDate "2011.??.??"]

1. e4 e5 2. d4 exd4 3. c3 dxc3 4. Bc4 Bc5 5. Nf3 Nc6 6. O-O d6 7. Re1 Nge7 (
7... Nf6) 8. Ng5 O-O $5 {Not nearly as bad as it looks!} (8... Ne5 9. Bb3 O-O
$1 10. Qh5 h6) 9. Qh5 h6 10. Nxf7 Rxf7 11. Bxf7+ (11. Qxf7+ Kh8 12. Nxc3 $4 (
12. Qh5 Ne5 13. Bb3 N7g6 14. Nxc3 $4 Bg4) 12... Ne5) 11... Kf8 $2 (11... Kh7
12. Nxc3 Qf8 13. Rf1 g6) 12. e5 $6 (12. Nxc3) 12... Nxe5 13. Rxe5 dxe5 14. Bb3
Qe8 15. Qxe5 Bd6 $4 (15... Qg6 16. Qxc5 Bh3 17. Bg5) (15... Qc6 16. Nxc3 Nf5)
16. Qxc3 $4 (16. Qf6+ $1 gxf6 17. Bxh6#) (16. Qf6+) 16... Qh5 17. g3 Bh3 18.
Nd2 Rd8 19. Ne4 $4 (19. Qf3+ Qxf3 20. Nxf3 $11) 19... Be5 20. Qc2 Qf3 0-1

[Event "Mechanics' Summer TNM; 30/90, SD/30"]
[Site "San Francisco"]
[Date "2011.06.21"]
[Round "5.8"]
[White "Grey, Peter"]
[Black "Abraham, Renjish"]
[Result "1/2-1/2"]
[WhiteElo "2006"]
[BlackElo "1835"]
[PlyCount "110"]
[EventDate "2011.??.??"]

1. e4 c5 2. Nf3 d6 3. d4 cxd4 4. Nxd4 Nf6 5. Nc3 g6 6. Be3 Bg7 7. f3 Nc6 8. Qd2
Bd7 9. Bc4 a6 10. Bb3 Rc8 11. O-O-O h5 12. Rhe1 Qa5 13. Kb1 O-O 14. Nd5 Qxd2
15. Rxd2 Nxd5 16. exd5 Ne5 17. Bg1 Bf6 18. c3 Rfe8 19. f4 Nc4 20. Bxc4 Rxc4 21.
Kc2 Rec8 22. Kd3 Kf8 23. Ke3 b5 24. a3 e5 25. dxe6 fxe6 26. Kf3 e5 27. fxe5
Bg4+ 28. Kf2 Bxe5 29. Nf3 Bxf3 30. gxf3 Kg7 31. Re4 Rxe4 32. fxe4 Rf8+ 33. Kg2
Rf4 34. Re2 Rh4 35. h3 Kf6 36. Bf2 Rf4 37. Bg3 Kg5 38. Bxf4+ Kxf4 39. Kf2 g5
40. Re3 g4 41. hxg4 hxg4 42. Re1 Bf6 43. Kg2 Be5 44. Re2 Bg7 45. Rf2+ Kxe4 46.
Kg3 Be5+ 47. Kxg4 Kd3 48. Kf5 Kc4 49. Ke6 a5 50. Re2 Kd3 51. Rg2 Kc4 52. Kf5
Kb3 53. Ke4 b4 54. axb4 axb4 55. cxb4 Kxb4 1/2-1/2